| 000 | 01771nam a2200457 c 4500 | ||
|---|---|---|---|
| 003 | BLK | ||
| 005 | 20250728120620.0 | ||
| 008 | 180409b bul|||||r ||||||| ||bul|| | ||
| 010 | _aKNG00106499000 | ||
| 020 | _a954-792-050-2 | ||
| 040 | _aBLK | ||
| 041 |
_aBUL _cBUL |
||
| 072 | 7 |
_2bullib _aЛ05 _xДруги методи |
|
| 080 |
_b613.83/.84 _z613.83/.84 |
||
| 080 |
_b178.7/.9 _z178.7/.9 |
||
| 100 | 1 |
_aМиронов, Евгений Михайлович _eпърви автор _9308827 |
|
| 139 |
_aМиронов, Евгений Михайлович _bМ 68 |
||
| 245 | 1 | 0 |
_aСбогом, наркотици _cЕвгений Михайлович Миронов; прев. от рус. Екатерина Пенкова. |
| 257 | _aRUS | ||
| 260 |
_aСофия _bСкорпио ви _c2003 |
||
| 300 |
_a160 с. _bс табл. _c24 см |
||
| 380 | _a61 | ||
| 490 | 1 | _aПоредица Здраве, дълголетие, естествено оздравяване | |
| 500 | _aОриг. загл. Прощайте, наркотики! / Е. М. Миронов. - Офс. изд. | ||
| 650 | 4 |
_aНаркомания - борба и профилактика _9283724 |
|
| 650 | 4 |
_aТютюнопушене - методи за борба _9266337 |
|
| 650 | 4 |
_aХигиена _9176430 |
|
| 653 | _aнаркотици | ||
| 653 | _aнаркомания | ||
| 653 | _aтютюнопушене | ||
| 653 | _aпрофилактика | ||
| 659 | _aЛ | ||
| 700 | 1 |
_aПенкова, Екатерина _eпрев. от рус. _9374769 |
|
| 852 | _aЦб 215052 | ||
| 856 | 4 | _qpdf | |
| 856 | 4 | _qpdf | |
| 942 |
_cKNG _n0 _07 |
||
| 944 |
_aCR _c01.01.2003 _k30549 _lВася Ганчева |
||
| 944 |
_aED _c12.11.2011 |
||
| 999 |
_c101450 _d101450 |
||
| 999 | _d101450 | ||